000 00388nam a22001337a 4500
020 _qPB.
040 _cFIZZA ISHAQ
082 _a808.042
_bGAR
100 _aCOLOMBO,GARY.
_9134016
245 _aREADING AMERICA CULTURAL CONTEXTS FOR CRITICAL THINKING AND WRITING /
_cGARY COLOMBO.
260 _aNEW YORK ;
_bBEDFORD ST.MARTIN'S
_c1989.
300 _a668 P. ;
_c9.3X6.1IN
942 _2ddc
_cBK
999 _c616936
_d616936